Introduction to engineering mechanics (Record no. 17563)

000 -LEADER
fixed length control field 00597nam a22002051 4500
001 - CONTROL NUMBER
control field 17563
003 - CONTROL NUMBER IDENTIFIER
control field BD-DhUET
008 - FIXED-LENGTH DATA ELEMENTS--GENERAL INFORMATION
fixed length control field 100604s1961 maua b 000 0 eng
040 ## - CATALOGING SOURCE
Original cataloging agency DLC
Transcribing agency DLC
Modifying agency BD-DhUET
082 ## - DEWEY DECIMAL CLASSIFICATION NUMBER
Classification number 620.1
Item number HUD/1961
100 ## - MAIN ENTRY--PERSONAL NAME
Personal name Huddleston, John V.
245 10 - TITLE STATEMENT
Title Introduction to engineering mechanics
250 ## - EDITION STATEMENT
Edition statement 1st ed.
260 ## - PUBLICATION, DISTRIBUTION, ETC. (IMPRINT)
Place of publication, distribution, etc. Massachusetts
Name of publisher, distributor, etc. Addison-Wesley Publishing
Date of publication, distribution, etc. 1961
300 ## - PHYSICAL DESCRIPTION
Extent xii, 493 p.
Other physical details ill.
Dimensions 24 cm.
490 0# - SERIES STATEMENT
Series statement Addison-Wesley series in the engineering sciences
504 ## - BIBLIOGRAPHY, ETC. NOTE
Bibliography, etc Includes bibliographies
650 #0 - SUBJECT ADDED ENTRY--TOPICAL TERM
Topical term or geographic name as entry element Engineering mechanics
942 ## - ADDED ENTRY ELEMENTS (KOHA)
Koha item type General Book
Holdings
Koha full call number Source of classification or shelving scheme Koha item type Damaged status Location (home branch) Koha date last seen Price effective from Not for loan Piece designation (barcode) Withdrawn status Koha normalized classification for sorting Date acquired Shelving location Sublocation or collection (holding branch) Copy number Lost status
620.1/HUD/1961 General Book Central Library, BUET2015-03-242015-03-24 10262 620_100000000000000_HUD_19612015-03-24Circulation sectionCentral Library, BUET1 
620.1/HUD/1961 General Book Central Library, BUET2015-03-242015-03-24 38774 620_100000000000000_HUD_19612015-03-24Circulation sectionCentral Library, BUET2 
620.1/HUD/1961 General Book Central Library, BUET2015-03-242015-03-24 10263 620_100000000000000_HUD_19612015-03-24Circulation sectionCentral Library, BUET3 
620.1/HUD/1961 General Book Central Library, BUET2015-03-242015-03-24 28806 620_100000000000000_HUD_19612015-03-24Circulation sectionCentral Library, BUET4 
620.1/HUD/1961 General Book Central Library, BUET2015-03-242015-03-24 9235 620_100000000000000_HUD_19612015-03-24Circulation sectionCentral Library, BUET5 
620.1/HUD/1961 General Book Central Library, BUET2015-03-242015-03-24 9261 620_100000000000000_HUD_19612015-03-24Cataloging to CirculationCentral Library, BUET6 
620.1/HUD/1961 General Book Central Library, BUET2015-03-242015-03-24 37760 620_100000000000000_HUD_19612015-03-24Circulation sectionCentral Library, BUET8 
620.1/HUD/1961 General Book Central Library, BUET2015-03-282015-03-28 84383 620_100000000000000_HUD_19612015-03-28Circulation sectionCentral Library, BUET7